| 000 | 00363pam a2200133a 44500 | ||
|---|---|---|---|
| 008 | 230405s2022 xxu||||| |||| 00| 0 eng d | ||
| 041 | _aENG | ||
| 100 | _aS B GOKHALE / DR. M G KALASKAR | ||
| 245 | _aA PRACTICAL BOOK OF PHARMACOGNOSY AND PHYTOCHEMISTRY -II (KOKHALE) | ||
| 250 | _a2 | ||
| 260 |
_aPUNE _bNIRALI PRAKASHAN _c2022 |
||
| 300 | _a42 | ||
| 906 | _a2653 | ||
| 999 |
_c277924 _d277924 |
||